MARC details
| 000 -LEADER |
| fixed length control field |
02635nam a2200277 a 4500 |
| 001 - CONTROL NUMBER |
| control field |
SSB064444 |
| 003 - CONTROL NUMBER IDENTIFIER |
| control field |
SISC |
| 005 - DATE AND TIME OF LATEST TRANSACTION |
| control field |
20170126091429.0 |
| 008 - FIXED-LENGTH DATA ELEMENTS--GENERAL INFORMATION |
| fixed length control field |
|
| 020 ## - INTERNATIONAL STANDARD BOOK NUMBER |
| International Standard Book Number |
9789814510233 |
| 050 ## - LIBRARY OF CONGRESS CALL NUMBER |
| Classification number |
HD 60 |
| Item number |
.M341 2014 |
| 245 #0 - TITLE STATEMENT |
| Title |
Market solutions to public needs : mainstreaming poverty alleviation initiatives in ASEAN / |
| Statement of responsibility, etc |
edited by Juan Miguel M. Luz and Justin G. Modesto. |
| 260 ## - PUBLICATION, DISTRIBUTION, ETC. (IMPRINT) |
| Place of publication, distribution, etc |
Andover : |
| Name of publisher, distributor, etc |
Cengage, |
| Date of publication, distribution, etc |
2014. |
| 300 ## - PHYSICAL DESCRIPTION |
| Extent |
xxiii, 409 pages : |
| Other physical details |
illustrations, table ; |
| Dimensions |
24 cm. |
| 500 ## - GENERAL NOTE |
| General note |
Includes bibliographical references and index. |
| 505 ## - FORMATTED CONTENTS NOTE |
| Miscellaneous information |
Chapter 1: |
| Title |
Responding to the fall-out: the impact of the global economic slowdown on private firms/enterprises, poverty reduction, and development -- |
| -- |
Impact of NGOs on poverty alleviation in Southeast Asia: the case of microfinance -- |
| -- |
The Need for PPP arrangements to make business pro-poor and green -- |
| -- |
forging partnerships for nation building: the Gawad Kalinga way -- |
| -- |
Working with Jatropha smallholders, green energy biomass, J.S.C -- |
| -- |
Low cost housing for disaster relief, habitat for humanity, and world concern, Myanamar -- |
| -- |
Habitat for Humanity Cambodia: building houses, improving lives -- |
| -- |
Huong Hoa tapioca starch factory, Vietnam -- |
| -- |
A Malaysian multi-party public-private partnership: Nestle's collaboration with MARDI, MOSTI, and Empire rice mills to commerciualize and grow red rice in Sarawak, Malaysia -- |
| -- |
SCG small scale forestry, Thailand -- |
| -- |
The National biodigester programme Cambodia: building capacity for delivery of clean energy to rural households -- |
| -- |
Sompo Japan weather-index insurance, thailand -- |
| -- |
Sumadi, a social entrepreneur and sanitarian: in service for better sanitation in East Java, Indonesia -- |
| -- |
Sunlabob, Laos -- |
| -- |
Solutions Using Renewable Energy (SURE) Inc. Rural energization project in Kalinga, Philippines -- |
| -- |
The World Toilet Organization: using leverage to improve toilets and sanitarian worldwide -- A South-South public-private partnership: twinning Malaysia's ranhill utilities with Philippine's Davao City water distric to transfer technical knowledge in non-revenue water management -- Yamaha motor: clean and affordable drinking water for low income and poor households in Indonesian rural areas. |
| 650 ## - SUBJECT ADDED ENTRY--TOPICAL TERM |
| Topical term or geographic name as entry element |
Social entrepreneurship. |
| 650 ## - SUBJECT ADDED ENTRY--TOPICAL TERM |
| Topical term or geographic name as entry element |
Entrepreneurship |
| General subdivision |
Social aspect. |
| 650 ## - SUBJECT ADDED ENTRY--TOPICAL TERM |
| Topical term or geographic name as entry element |
Social innovation and social institutions. |
| 650 ## - SUBJECT ADDED ENTRY--TOPICAL TERM |
| Topical term or geographic name as entry element |
Project entrepreneurship. |
| 650 ## - SUBJECT ADDED ENTRY--TOPICAL TERM |
| Topical term or geographic name as entry element |
Sustainability. |
| 650 ## - SUBJECT ADDED ENTRY--TOPICAL TERM |
| Topical term or geographic name as entry element |
Nonprofit organizations |
| General subdivision |
Management. |
| 700 ## - ADDED ENTRY--PERSONAL NAME |
| Personal name |
Luz, Juan Miguel M. |
| -- |
ed. |
| 700 ## - ADDED ENTRY--PERSONAL NAME |
| Personal name |
Modesto, Justin G. |
| -- |
ed. |
| 942 ## - ADDED ENTRY ELEMENTS (KOHA) |
| Source of classification or shelving scheme |
Library of Congress Classification |
| Koha item type |
Books |
| Call number prefix |
Foreign |